000 00336nam a2200157 4500
008 190522s1997||||xo d
100 1 _aCayce Edgar
_91135
260 _bKV FINAL
_aTurnov
_c1997
245 1 0 _a O lásce
250 _a1.vydanie
300 _a126s.
020 _c0
041 1 _acze
044 _axo
_cSK
958 _aAUL
999 _c22436
_d22436